[Event "RUS-Cup9"]
[Site "Novgorod"]
[Date "1997.06.11"]
[Round "1"]
[White "Sokolov, Andrei"]
[Black "Pavlov, Aleksandr"]
[Result "1-0"]
[WhiteElo "2580"]
[BlackElo "2225"]

1.Nf3 Nf6 2.d4 e6 3.c4 b6 4.Nc3 Bb4 5.Bg5 h6 6.Bh4 Bxc3+ 7.bxc3 Bb7 8.Nd2 d6
9.f3 Nbd7 10.e4 Qe7 11.Bd3 g5 12.Bf2 Nh5 13.Qa4 Nf4 14.Bf1 Kf8 15.h4 Kg7
16.h5 e5 17.g3 Ne6 18.Bh3 Rhd8 19.Nf1 Qf6 20.Ne3 Qxf3 21.Bg2 Qf6 22.O-O Kh7
23.Qd1 Ng7 24.Nd5 Bxd5 25.cxd5 Qe7 26.Qf3 Rf8 27.Bh3 Nf6 28.dxe5 dxe5 29.c4 Nd7
30.Be3 Nc5 31.Kh2 Rae8 32.Rf2 Qd6 33.Raf1 Rd8 34.Qg4 Qe7 35.Rf6 Rd6 36.Bxg5 hxg5
37.Qxg5 Qd8  1-0

[Event "Shavuot Masters"]
[Site "Tel Aviv"]
[Date "1997.06.12"]
[Round "4"]
[White "Shabtai, Ran"]
[Black "Botvinnik, Ilia"]
[Result "0-1"]
[WhiteElo "2330"]
[BlackElo "2355"]

1.d4 Nf6 2.c4 e6 3.Nf3 b6 4.Nc3 Bb7 5.a3 g6 6.Bg5 Bg7 7.e3 O-O 8.Be2 d6 9.Qc2 h6
10.Bh4 g5 11.Bg3 Nh5 12.O-O-O f5 13.d5 e5 14.Nd2 Qe8 15.h4 g4 16.Bh2 Bc8
17.Nf1 Qg6 18.Ng3 Nxg3 19.Bxg3 h5 20.f4 a5 21.fxe5 dxe5 22.d6 c6 23.Qb3 Be6
24.Qxb6 Qf7 25.Kb1 Rc8 26.Qb3 Nd7 27.Qc2 Bxc4 28.Bxc4 Qxc4 29.Qxf5 Rcb8 30.Be1 e4
31.Qxd7 Rxb2+ 32.Kxb2 Rb8+ 33.Kc1 Bxc3 34.Qe6+ Qxe6 35.Bxc3 Qc4  0-1

[Event "RUS-Cup9"]
[Site "Novgorod"]
[Date "1997.06.13"]
[Round "3"]
[White "Zakharevich, Igor"]
[Black "Pavlov, Aleksandr"]
[Result "1-0"]
[WhiteElo "2505"]
[BlackElo "2225"]

1.d4 Nf6 2.c4 e6 3.Nf3 b6 4.Nc3 Bb4 5.Bg5 h6 6.Bh4 Bxc3+ 7.bxc3 Bb7 8.e3 d6
9.Nd2 Nbd7 10.f3 Qe7 11.Bd3 e5 12.e4 Nf8 13.Nf1 Ng6 14.Bf2 Nf4 15.Ne3 Bc8
16.O-O O-O 17.Re1 Nxd3 18.Qxd3 Nh5 19.Nd5 Qd8 20.Rad1 Be6 21.Qe3 c6 22.Nb4 Qc7
23.dxe5 dxe5 24.c5 b5 25.Rd6 Bd7 26.Qd2 Be8 27.Nd3 Qe7 28.g4 Nf6 29.Bh4 Nxe4
30.Bxe7 Nxd2 31.Nxe5 Nc4 32.Nxc4 bxc4 33.Red1  1-0

[Event "Wch U20 Girls"]
[Site "Zagan"]
[Date "1997.07.24"]
[Round "10"]
[White "Radziewicz, Iweta"]
[Black "Ciuksyte, Dagne"]
[Result "0-1"]
[WhiteElo "2220"]
[BlackElo "2285"]

1.d4 Nf6 2.c4 e6 3.Nf3 b6 4.Nc3 Bb4 5.Qb3 c5 6.g3 Bb7 7.Bg2 Nc6 8.O-O O-O
9.a3 Na5 10.Qc2 Bxc3 11.Qxc3 cxd4 12.Nxd4 Bxg2 13.Kxg2 Rc8 14.b3 d5 15.Bb2 dxc4
16.b4 Nd5 17.Qc2 Nb7 18.Rad1 Qg5 19.e4 Nf4+ 20.Kh1 Nd3 21.f4 Qg6 22.e5 Qe4+
23.Nf3 Rfd8 24.Bc3 Rc7 25.Qg2 Rcd7 26.Rd2 a5 27.Ne1 Qxg2+ 28.Nxg2 axb4 29.axb4 Nxe5
30.Rxd7 Nxd7 31.Ne3 f6 32.Ra1 b5 33.f5 Nb6 34.Re1 e5 35.Ra1 Na4 36.Be1 c3
37.Kg2 Nd6 38.Kf3 Rc8 39.Rc1 Kf7 40.g4 Nc4 41.Nd5 Nd2+ 42.Ke3 Nb3 43.Rc2 Nd4
44.Rxc3 Nxc3 45.Bxc3 Rc4 46.h3 Nc6 47.Kd3 e4+ 48.Kd2 Ne7 49.Ne3 Rc8 50.Bd4 Rd8
51.Nc2 Nd5 52.Bc5 Nxb4+  0-1

[Event "MK Cafe op-A"]
[Site "Koszalin"]
[Date "1997.08.04"]
[Round "2"]
[White "Poluljahov, Aleksandr"]
[Black "Pieniazek, Artur"]
[Result "1-0"]
[WhiteElo "2510"]
[BlackElo "2415"]

1.Nf3 Nf6 2.c4 e6 3.d4 b6 4.Nc3 Bb7 5.a3 d5 6.Bg5 Be7 7.Bxf6 Bxf6 8.cxd5 exd5
9.Qa4+ c6 10.g3 O-O 11.Bg2 Re8 12.O-O Na6 13.Rfd1 Nc7 14.Rac1 g6 15.e3 Qd6
16.Ne1 Bg7 17.Nd3 Ne6 18.b4 Red8 19.Qb3 Rac8 20.a4 Nc7 21.h4 Ne6 22.Ra1 Nc7
23.Ra2 Ne6 24.Rad2 Ba8 25.Ne2 Bb7 26.Ndf4 Nxf4 27.Nxf4 Bh6 28.Nd3 Rc7 29.Rc2 Bf8
30.Rdc1 Rdc8 31.Bh3 Rd8 32.Rc3 Bc8 33.Bxc8 Rdxc8 34.Qc2 f6 35.h5 Kg7 36.hxg6 hxg6
37.Kg2 f5 38.Nf4 Be7 39.b5 c5 40.dxc5 bxc5 41.Rd1 c4 42.Rxd5 Qb6 43.a5 Qxa5
44.Ne6+ Kf7 45.Nxc7 Qxc7 46.e4 Bf6 47.Rf3 fxe4 48.Qxe4 c3 49.Qd4  1-0

[Event "FRA-ch"]
[Site "Narbonne"]
[Date "1997.08.29"]
[Round "14"]
[White "Chabanon, Jean Luc"]
[Black "Bauer, Christian"]
[Result "0-1"]
[WhiteElo "2455"]
[BlackElo "2525"]

1.d4 Nf6 2.c4 e6 3.Nf3 b6 4.Nc3 Bb4 5.Bg5 Bxc3+ 6.bxc3 Bb7 7.Nd2 h6 8.Bh4 d6
9.f3 Nbd7 10.e4 e5 11.Bd3 O-O 12.Nf1 exd4 13.cxd4 c5 14.d5 Ne5 15.Ne3 Ng6
16.Bf2 Re8 17.O-O a6 18.a4 Rb8 19.Be1 Bc8 20.Bc3 Nh5 21.g3 Bh3 22.Rf2 Nf6
23.Kh1 h5 24.Qd2 Ne5 25.Be2 Qe7 26.Qc2 Neg4 27.Nxg4 hxg4 28.Bd3 gxf3 29.Rxf3 Ng4
30.Rg1 Qg5 31.Bd2 Qh5 32.Rf5 Qxf5  0-1

[Event "Budapest FS10 IM-A"]
[Site "Budapest"]
[Date "1997.10.09"]
[Round "5"]
[White "Mikhalevski, Alexander"]
[Black "Lengyel, Levente"]
[Result "1-0"]
[WhiteElo "2470"]
[BlackElo "2335"]

1.d4 Nf6 2.c4 e6 3.Nf3 b6 4.Nc3 Bb7 5.a3 d5 6.Bg5 dxc4 7.e3 Be7 8.Bxc4 O-O
9.O-O c5 10.Qe2 Nd5 11.Bxd5 exd5 12.Bxe7 Qxe7 13.Rfd1 c4 14.b3 Rc8 15.bxc4 Rxc4
16.Qb2 Nd7 17.Rdc1 a6 18.Nd2 Rcc8 19.Ne2 Qd6 20.h3 Rxc1+ 21.Rxc1 Rc8 22.Rb1 h6
23.Rc1 Rxc1+ 24.Qxc1 Qc6 25.Qb2 a5 26.Nc3 Ba6 27.Qb3 Nf6 28.f3 Bc4 29.Qa4 Qxa4
30.Nxa4 b5 31.Nc3 b4 32.axb4 axb4 33.Na4 Ne8 34.Kf2 f5 35.Nb6 Nd6 36.e4 fxe4
37.fxe4 Ba2 38.Nxd5 Nxe4+ 39.Nxe4 Bxd5 40.Nc5 Kf7 41.Nd3 b3 42.g3 Ke6 43.Ke3 Bc4
44.Nb2 Kd5 45.h4 Bb5 46.Nd1 Bd7 47.Nb2 Bf5 48.Kf4 Bc2 49.Ke3 Bg6 50.g4 Bh7
51.g5 hxg5 52.hxg5 Bg6 53.Na4 Kc4 54.Nb2+ Kc3 55.Na4+ Kc2 56.d5 Be8 57.Nb6 Bb5
58.d6 b2 59.Nc4 b1=Q  1-0

[Event "Budapest FS10 IM-A"]
[Site "Budapest"]
[Date "1997.10.13"]
[Round "9"]
[White "Mikhalevski, Alexander"]
[Black "Cao Sang"]
[Result "1/2-1/2"]
[WhiteElo "2470"]
[BlackElo "2515"]

1.d4 Nf6 2.c4 e6 3.Nf3 b6 4.Nc3 Bb4 5.Qc2 Bb7 6.a3 Bxc3+ 7.Qxc3 Ne4 8.Qc2 O-O
9.g3 c5 10.Bg2 Qc8 11.O-O f5 12.Rd1 Nc6 13.d5 Ne7 14.Ng5 exd5 15.cxd5 Nxg5
16.Bxg5 Ng6 17.Bh3 d6 18.e4 Qe8 19.Bxf5 Ne5 20.Be6+ Kh8 21.Bf4 Nf3+ 22.Kg2 Nh4+
23.Kh1 Qg6 24.Bxd6 Rxf2 25.Qxf2 Qxe4+ 26.Kg1 Nf3+ 27.Kh1 Ne1+ 28.Kg1 Nf3+
29.Kh1  1/2-1/2

[Event "Copa Itau Mercosul"]
[Site "Sao Paulo"]
[Date "1997.10.24"]
[Round "6"]
[White "Sorokin, Maxim"]
[Black "Sunye Neto, Jaime"]
[Result "0-1"]
[WhiteElo "2555"]
[BlackElo "2500"]

1.Nf3 Nf6 2.c4 b6 3.d4 e6 4.Nc3 Bb7 5.a3 d5 6.Bg5 Be7 7.Qa4+ Bc6 8.Qc2 dxc4
9.e3 b5 10.Ne5 a6 11.a4 O-O 12.Be2 Bb7 13.O-O c6 14.Bxf6 gxf6 15.Nf3 Nd7
16.e4 Qc7 17.Rad1 Rfd8 18.Rfe1 Nf8 19.Bf1 Ng6 20.g3 Bb4 21.Re3 e5 22.Ne2 Qb6
23.dxe5 Rxd1 24.Qxd1 Rd8 25.Qc1 fxe5 26.Nc3 Bc5 27.Re2 Bc8 28.Qh6 Qc7 29.Rd2 Rxd2
30.Nxd2 Qd8 31.Nf3 Qf6 32.Qh5 Be6 33.Nd1 h6 34.h4 Kg7 35.Nh2 c3 36.bxc3 bxa4
37.Qe2 a3 38.Qxa6 Bb3 39.Ng4 Qd8 40.Nde3 a2 41.Kg2 Ne7 42.Bc4 Qb6 43.Qa8 Bxe3
44.Qe8 Bxc4 45.Qxe7 Be6 46.Nf6 Qb8 47.Nh5+ Kh7 48.Nf6+ Kg6  0-1

[Event "WchT 4th"]
[Site "Luzern"]
[Date "1997.10.26"]
[Round "2"]
[White "Cvitan, Ognjen"]
[Black "Gulko, Boris F"]
[Result "1/2-1/2"]
[WhiteElo "2570"]
[BlackElo "2580"]

1.d4 e6 2.c4 Nf6 3.Nf3 b6 4.Nc3 Bb4 5.Qb3 Qe7 6.Bg5 Bb7 7.e3 h6 8.Bxf6 Bxc3+
9.Qxc3 Qxf6 10.Be2 d6 11.O-O O-O 12.Rfd1 c5 13.Qc2 Nc6 14.a3 Rfd8 15.Rd2 Rac8
16.Rad1  1/2-1/2

[Event "RUS-Cup01 Chigorin mem"]
[Site "St Petersburg"]
[Date "1997.11.02"]
[Round "2"]
[White "Kochyev, Alexander"]
[Black "Razuvaev, Yuri S"]
[Result "1/2-1/2"]
[WhiteElo "2430"]
[BlackElo "2555"]

1.c4 e6 2.d4 Nf6 3.Nf3 b6 4.Nc3 Bb7 5.Bg5 Be7 6.e3 h6 7.Bh4 Ne4 8.Bxe7 Qxe7
9.Nxe4 Bxe4 10.Bd3 Bxd3 11.Qxd3  1/2-1/2

[Event "RUS-Cup01 Chigorin mem"]
[Site "St Petersburg"]
[Date "1997.11.03"]
[Round "3"]
[White "Kruppa, Yuri"]
[Black "Kochyev, Alexander"]
[Result "1/2-1/2"]
[WhiteElo "2535"]
[BlackElo "2430"]

1.d4 Nf6 2.c4 e6 3.Nf3 b6 4.Nc3 Bb7 5.Bg5 Be7 6.Qc2 c5 7.dxc5 bxc5 8.e3 O-O
9.Be2 d6 10.O-O Qb6 11.Rfd1 Rd8 12.Rd2 Nbd7 13.h3 Nf8 14.Bh4 Rd7 15.Ne1 Rad8
16.Bf3 Ng6 17.Bg3 Ne8 18.Rad1 Bxf3 19.Nxf3 Qc6 20.Ne1 a6 21.Nd3 Nf6 22.Nc1 Nh5
23.Bh2 Nf6 24.N1e2 Nh4 25.e4 Ng6 26.f4 Nf8 27.Qd3 a5 28.Qf3 a4 29.f5 Qa6
30.Nb5 d5 31.fxe6 fxe6 32.exd5 exd5 33.Nf4 dxc4 34.Rxd7 Rxd7 35.Rxd7 N8xd7
36.Nc7 Qa5 37.Qe2 Bf8 38.Qxc4+ Kh8 39.Qe2 c4 40.Nce6 c3 41.bxc3 Qxc3 42.g4 Qc1+
43.Kg2 Qc6+ 44.Qf3 Qc2+ 45.Qe2 Qc6+ 46.Qf3  1/2-1/2

[Event "RUS-Cup01 Chigorin mem"]
[Site "St Petersburg"]
[Date "1997.11.03"]
[Round "3"]
[White "Neverov, Valeriy"]
[Black "Tunik, Gennady"]
[Result "1-0"]
[WhiteElo "2560"]
[BlackElo "2450"]

1.d4 Nf6 2.c4 e6 3.Nf3 b6 4.Nc3 Bb4 5.e3 Ne4 6.Qc2 Bb7 7.Be2 O-O 8.O-O Bxc3
9.bxc3 d6 10.a4 a5 11.Ne1 f5 12.f3 Nf6 13.Nd3 Qe7 14.Nf2 Nbd7 15.Bd3 Rae8
16.Re1 Qd8 17.Ba3 g6 18.c5 bxc5 19.dxc5 Nxc5 20.Bxc5 dxc5 21.Bb5 Re7 22.Rad1 Qa8
23.Nd3 Qa7 24.Ne5 c4 25.Qd2 Nd5 26.Kh1 Rg7 27.Bxc4 Qc5 28.e4 fxe4 29.Rxe4 Kh8
30.Rde1 Qa3 31.Bxd5 exd5 32.Rf4 g5 33.Rxf8+ Qxf8 34.Qb2 c6 35.c4 Qf6 36.Qb6 dxc4
37.Qxa5 Qe6 38.Qd8+ Rg8 39.Qd4 Qf6 40.Nf7+ Kg7 41.Qd7 Bc8 42.Qc7 Kg6 43.Ne5+ Kh6
44.Nxc4 Qc3 45.Qd6+ Rg6 46.Qf8+ Kh5 47.Qe8 Kh6 48.Qe4 Bf5 49.Qe5 Qb4 50.Rc1 Be6
51.Qc3 Qxa4 52.Ne5 Rg7 53.Nxc6 Qf4 54.Ne5 Rg8 55.g3 Qf5 56.Ng4+ Kg6 57.Ne5+ Kh6
58.Ng4+ Kg6 59.Rd1 Rc8 60.Qe3 h5 61.Ne5+ Kh6 62.Kg1 Rb8 63.h4 Rb3 64.hxg5+ Qxg5
65.Ng4+  1-0

[Event "RUS-Cup01 Chigorin mem"]
[Site "St Petersburg"]
[Date "1997.11.06"]
[Round "6"]
[White "Zakharevich, Igor"]
[Black "Shaposhnikov, Evgeny"]
[Result "1/2-1/2"]
[WhiteElo "2515"]
[BlackElo "2380"]

1.d4 Nf6 2.c4 e6 3.Nf3 b6 4.Nc3 Bb7 5.a3 d5 6.Bg5 Be7 7.Qa4+ c6 8.Bxf6 Bxf6
9.cxd5 exd5 10.g3 O-O 11.Bg2 c5 12.Rd1 Nd7 13.O-O Re8 14.e3 Qc7 15.Qb3 c4
16.Qc2 Rad8 17.Rfe1 Nf8 18.h4 a6 19.Ng5 b5 20.f4 Bc6 21.Nf3 a5 22.Ne5 b4
23.Nxc6 Qxc6 24.axb4 axb4 25.Qa4 Qxa4 26.Nxa4 Rd6 27.Nc5 Ne6 28.Nxe6 Rdxe6
29.Kf2 c3 30.Bxd5 c2 31.Rc1 Rxe3 32.Rxe3 Bxd4 33.Rxc2 Bxe3+ 34.Kf3 Bd4 35.Rc7 Rf8
36.b3 g6 37.g4 h6 38.Ke4 Bf2 39.Rb7 Bxh4 40.Rxb4 Kg7 41.Kf3 Rd8 42.Bc4 Rd7
43.Rb8 Be7 44.Rb5 Rc7 45.Ke4 Bc5 46.Kf3 h5 47.gxh5 gxh5 48.Ra5 h4 49.Kg4 Be7  1/2-1/2

[Event "CZE-chT 9798"]
[Site "CZE"]
[Date "1997.11.15"]
[Round "1"]
[White "Lys, Josef"]
[Black "Choleva, Zdenek"]
[Result "1-0"]
[WhiteElo "2305"]
[BlackElo "2250"]

1.d4 Nf6 2.Nf3 b6 3.c4 e6 4.Nc3 Bb4 5.Bg5 Bxc3+ 6.bxc3 h6 7.Bh4 Bb7 8.e3 g5
9.Bg3 d6 10.Bd3 Ne4 11.Qc2 f5 12.d5 exd5 13.Nd4 Qf6 14.cxd5 Bxd5 15.f3 Nxg3
16.hxg3 Nd7 17.Bxf5 O-O-O 18.Kf2 Qf7 19.c4 Bb7 20.Be6 Qe7 21.Qg6 Qh7 22.Qxh7 Rxh7
23.Rh5 Rdh8 24.Rah1 Ba6 25.Bf5 Rg7 26.Nb5 c6 27.Nxd6+ Kc7 28.Rxh6 Rd8 29.Re6 Nc5
30.Ne8+ Rxe8 31.Rxe8 Bxc4 32.a3 a5 33.Rh6 b5 34.Rc8+  1-0

[Event "GER-ch"]
[Site "Gladenbach"]
[Date "1997.11.25"]
[Round "9"]
[White "Zude, Erik"]
[Black "Kersten, Uwe"]
[Result "1/2-1/2"]
[WhiteElo "2365"]
[BlackElo "2330"]

1.d4 Nf6 2.c4 e6 3.Nf3 b6 4.Nc3 Bb4 5.Bg5 Bb7 6.e3 h6 7.Bh4 g5 8.Bg3 Bxc3+
9.bxc3 d6 10.Nd2 Qe7 11.h4 Rg8 12.hxg5 hxg5 13.Qc2 Nc6 14.Be2 O-O-O 15.O-O-O Rh8
16.Qa4 Kb8 17.Rxh8 Rxh8 18.Bf3 Qd7 19.c5 g4 20.Be2 Nh5 21.Rh1 Qc8 22.Rxh5 Rxh5
23.cxd6 cxd6 24.Nc4 Na5 25.Nxd6 Qxc3+ 26.Qc2 Rh1+ 27.Bd1 Qa3+ 28.Kd2 Qb4+
29.Kd3 Bc6 30.Nxf7+ Ka8 31.Ne5 Qa3+ 32.Kd2 Qb4+ 33.Kd3 Qa3+ 34.Kd2 Qb4+  1/2-1/2

[Event "Rishon Le Ziyyon 9798"]
[Site "Rishon Le Ziyyon"]
[Date "1997.12.29"]
[Round "5"]
[White "Soffer, Ram"]
[Black "Fleish, Felix"]
[Result "1-0"]
[WhiteElo "2520"]
[BlackElo "2350"]

1.c4 Nf6 2.Nc3 e6 3.Nf3 b6 4.d4 Bb7 5.a3 Be7 6.d5 exd5 7.cxd5 O-O 8.e4 Re8
9.Bd3 c5 10.O-O d6 11.b4 Nbd7 12.Rb1 Bf8 13.Re1 Qc8 14.Bd2 Ba6 15.b5 Bb7
16.a4 Ng4 17.Bf1 g6 18.h3 Nge5 19.Nxe5 Nxe5 20.f4 Nd7 21.Bc4 Bg7 22.Qf3 Qd8
23.Kh2 Qf6 24.e5 dxe5 25.Ne4 Qe7 26.f5 Qf8 27.f6 Bh6 28.Bxh6 Qxh6 29.Nd6 Reb8
30.Nxb7 Rxb7 31.d6 Rbb8 32.Bd5 Qf8 33.Rbd1 Rd8 34.Bxa8 Rxa8 35.Qb7 Rd8 36.Qxa7 Qh6
37.Rf1 e4 38.Qc7 Qf8 39.Rde1 Ne5 40.Rxe4 Rd7 41.Rxe5 Rxc7 42.dxc7 Qc8 43.Re7 h5
44.Rd1 Qf5 45.Re8+ Kh7 46.c8=Q  1-0

[Event "Skolernes Skakklub op"]
[Site "Aarhus"]
[Date "1997.??.??"]
[Round "4"]
[White "Mikhalevski, Victor"]
[Black "Ochsner, Thomas"]
[Result "1-0"]
[WhiteElo "2535"]
[BlackElo "2300"]

1.d4 Nf6 2.c4 e6 3.Nf3 b6 4.Nc3 Bb7 5.Bg5 Be7 6.e3 h6 7.Bh4 O-O 8.Qc2 c5
9.dxc5 bxc5 10.Be2 Qb6 11.O-O d6 12.Rfd1 Rd8 13.Rd2 Nbd7 14.Rad1 Nf8 15.h3 Rac8
16.Kf1 Rd7 17.a3 Rcd8 18.Bg3 Bc6 19.Kg1 Qb7 20.Ne1 d5 21.Be5 Ng6 22.Bxf6 Bxf6
23.cxd5 exd5 24.Bg4 Rd6 25.Ne4 dxe4 26.Rxd6 Rb8 27.Qxc5 Ba4 28.b3 Bxb3 29.Rd7 Qb6
30.Qxb6 axb6 31.Rb1 Ba2 32.Rc1 Ne5 33.Rd2 Bc4 34.Bf5 Be7 35.a4 Ra8 36.Rb1 Rxa4
37.Rxb6 g6 38.Bxe4 Kg7 39.Nf3 Be6 40.Rb7 Rxe4 41.Nxe5 Bd6 42.Nc6 Bc5 43.Nd4  1-0

[Event "Arco di Trento op1"]
[Site "Arco di Trento"]
[Date "1997.??.??"]
[Round "2"]
[White "Medancic, Rikard"]
[Black "Drei, Andrea"]
[Result "1-0"]
[WhiteElo "2305"]
[BlackElo "2305"]

1.d4 Nf6 2.c4 e6 3.Nf3 b6 4.Nc3 Bb4 5.Bg5 h6 6.Bh4 Bb7 7.Nd2 Bxc3 8.bxc3 d6
9.f3 Nbd7 10.e4 g5 11.Bf2 Rg8 12.Qa4 Kf8 13.h4 g4 14.Be3 Kg7 15.h5 e5 16.Be2 Kh7
17.O-O-O a6 18.Rdf1 Qe7 19.Qc2 c5 20.d5 gxf3 21.gxf3 Rg2 22.Re1 Nf8 23.Nf1 b5
24.Qd2 Ng8 25.Bg1 Bc8 26.Ne3 Rg7 27.Bf2 bxc4 28.Bh4 f6 29.Bf1 Rb8 30.Nxc4 Qb7
31.Qb2 Qc7 32.Qa3 f5 33.Bd3 f4 34.Rh2 Nd7 35.Qa5 Qxa5 36.Nxa5 Ngf6 37.Nc4 Ne8
38.Rb2 Rxb2 39.Kxb2 Rg2+ 40.Re2 Rg1 41.Be7 Rf1 42.Rh2 Rxf3 43.Be2 Rg3 44.Bxd6 f3
45.Bf1 Nef6 46.Nxe5 Nxe4 47.Nc4 Rg1 48.Bd3 Nf6 49.Nd2 Rg2 50.Ka3 Rxh2 51.Bxh2 Bf5
52.Nxf3 Kg7 53.Be5 Kf7 54.c4 Nxh5 55.Ka4 Nc3+ 56.Bxc3  1-0

[Event "Bad Woerishofen op"]
[Site "Bad Woerishofen"]
[Date "1997.??.??"]
[Round "3"]
[White "Babar, Michael"]
[Black "Bischoff, Klaus"]
[Result "0-1"]
[WhiteElo "2160"]
[BlackElo "2550"]

1.d4 Nf6 2.Nf3 e6 3.c4 b6 4.Nc3 Bb4 5.Qc2 Bb7 6.Bg5 h6 7.Bxf6 Qxf6 8.a3 Bxc3+
9.Qxc3 c5 10.Rd1 Bxf3 11.Qxf3 Qxf3 12.gxf3 Nc6 13.d5 Ne5 14.Rc1 g5 15.Bg2 Rb8
16.O-O Ke7 17.Rfd1 f5 18.e3 Rhf8 19.Kf1 f4 20.Ke2 b5 21.cxb5 Rxb5 22.dxe6 Rxb2+
23.Rd2 Rxd2+ 24.Kxd2 d6 25.Rb1 Kxe6 26.Bh3+ Kd5 27.e4+ Kc6 28.Ke2 Kc7 29.Be6 Rb8
30.Rxb8 Kxb8 31.Bb3 Kc7 32.Bd1 Kb6  0-1

[Event "Barbera op"]
[Site "Barbera"]
[Date "1997.??.??"]
[Round "1"]
[White "Romero Gomez, Jose Carlos"]
[Black "Roeder, Mathias"]
[Result "0-1"]
[WhiteElo "2310"]
[BlackElo "2460"]

1.d4 Nf6 2.Nf3 e6 3.c4 b6 4.Nc3 Bb4 5.Qc2 Bb7 6.e3 Ne4 7.Bd3 Bxc3+ 8.bxc3 f5
9.O-O O-O 10.Nd2 Qh4 11.f3 Nxd2 12.Bxd2 Nc6 13.e4 fxe4 14.fxe4 d6 15.Rae1 Na5
16.Qd1 Ba6 17.g3 Qe7 18.Qe2 Qd7 19.e5 dxe5 20.Qh5 g6 21.Qxe5 Bxc4 22.Rxf8+ Rxf8
23.Bh6 Bxd3 24.Bxf8 Kxf8 25.Re3 Bf5 26.g4 Bxg4 27.Qh8+ Ke7 28.Qxh7+ Kd6 29.Qxg6 Bf5
30.Qf6 Nc4 31.Rf3 Qh7 32.Qd8+ Qd7 33.Qf8+ Kd5 34.h4 Ke4 35.Rg3 Qa4 36.h5 Qd1+
37.Kf2 Qxh5 38.Qd8 Qh2+ 39.Rg2 Qf4+ 40.Ke1 Qc1+ 41.Kf2 Qe3+ 42.Kf1 Nd2+  0-1

[Event "Regionalliga SW9697"]
[Site "Bayern"]
[Date "1997.??.??"]
[Round "?"]
[White "Moebus, Martin"]
[Black "Braun, Thomas"]
[Result "1-0"]
[WhiteElo "2095"]
[BlackElo "2080"]

1.d4 Nf6 2.c4 e6 3.Nf3 b6 4.Nc3 Bb7 5.Bg5 Bb4 6.e3 h6 7.Bh4 Qe7 8.Qb3 g5
9.Bg3 Bxc3+ 10.Qxc3 Ne4 11.Qc2 d6 12.Nd2 Nxg3 13.hxg3 Nd7 14.Qa4 e5 15.d5 e4
16.Be2 a6 17.Nb3 O-O-O 18.Nd4 Kb8 19.Qxa6 Qe5 20.Qa3 f5 21.Nc6+ Bxc6 22.dxc6 Nf6
23.b4 d5 24.Rc1 Qe6 25.Qa4 d4 26.exd4 e3 27.f3 Rxd4 28.Rc3 Rd2 29.O-O Rxe2
30.Ra3  1-0

[Event "Oberliga Bayern9798"]
[Site "Bayern"]
[Date "1997.??.??"]
[Round "?"]
[White "Lichtenstern, Christoph"]
[Black "Wiemer, Peter"]
[Result "1-0"]
[WhiteElo "2160"]
[BlackElo "2190"]

1.d4 e6 2.Nf3 Nf6 3.c4 b6 4.Nc3 Bb7 5.a3 d5 6.Bg5 Be7 7.e3 Nbd7 8.Be2 O-O
9.O-O Ne4 10.Bxe7 Qxe7 11.cxd5 Nxc3 12.bxc3 exd5 13.Qb3 c5 14.a4 c4 15.Qa3 Qxa3
16.Rxa3 a6 17.Nd2 b5 18.Rfa1 Nb6 19.Bd1 Bc6 20.axb5 axb5 21.Rxa8 Rxa8 22.Rxa8+ Bxa8
23.Nb1 Kf8 24.Kf1 Ke7 25.Ke1 Nc8 26.Kd2 Kd8 27.Na3 Bc6 28.Nc2 Kc7 29.Nb4 Bb7
30.Kc1 Kd6 31.Kb2 Ne7 32.Ka3 Bc8 33.Bf3 Bb7 34.g3 f6 35.Nc2 Nc6 36.Bg2 g5
37.Bh3 h5 38.Bg2 f5 39.h4 g4 40.Bh1 Bc8 41.Ne1 Nd8 42.Ng2 Ne6 43.Kb4 Bd7
44.Ka5 Kc6 45.Ne1 Nd8 46.Nc2 Kd6 47.f3 Be8 48.e4 Nc6+ 49.Kb6 gxf3 50.e5+ Nxe5
51.dxe5+ Kxe5 52.Bxf3 b4 53.Nxb4 d4 54.Kc5 dxc3 55.Kxc4 c2 56.Nd3+ Kf6 57.Kc3 f4
58.Kxc2 fxg3 59.Ne1 Kg6 60.Ng2 Bb5 61.Kd2 Be8 62.Ke3 Bf7 63.Bc6 Ba2 64.Bd7 Kf6
65.Bc6 Kf5 66.Kf3 Bc4 67.Kxg3 Kg6 68.Kf4 Bf1 69.Ne3 Bd3 70.Be4+ Bxe4 71.Kxe4  1-0

[Event "Beersheba 16th"]
[Site "Beersheba"]
[Date "1997.??.??"]
[Round "5"]
[White "Mikhalevski, Alexander"]
[Black "Rozentalis, Eduardas"]
[Result "1/2-1/2"]
[WhiteElo "2470"]
[BlackElo "2650"]

1.d4 e6 2.c4 Nf6 3.Nf3 b6 4.Nc3 Bb7 5.a3 d5 6.Bg5 Be7 7.Qa4+ c6 8.cxd5 exd5
9.e3 O-O 10.Bd3 Nbd7 11.O-O h6 12.Bf4 a5 13.Ne5 Nxe5 14.Bxe5 Nd7 15.Bg3 b5
16.Qc2 b4 17.Na4 Ba6 18.Qe2 Bxd3 19.Qxd3 Qc8 20.Rfc1 Qb7 21.axb4 axb4 22.b3 Rfc8
23.Rd1 Nf8 24.Rac1 Ne6 25.Rc2 Rd8 26.Rdc1 Rac8 27.h3 g6 28.Be5 Kh7 29.Qd1 Rf8
30.Nb2 f6 31.Bg3 Ng5 32.f3 Qd7 33.Nd3 Rfe8 34.h4 Nf7 35.Qe1 h5 36.Bf4 Qb7
37.Qg3 Bf8 38.Qh3 Nh6 39.Bxh6 Bxh6 40.f4 Kg7 41.Kf2 Kf7 42.Nc5 Qe7 43.Qd7 Rc7
44.Qh3 Qd6 45.Nd3 Kg7 46.Rc5 Re4 47.Kg1 Rce7 48.Rxc6 Qb8 49.Qc8 Qb5 50.Nc5 Rxe3
51.Ne6+ Kf7 52.Nd8+ Kg7 53.Ne6+ Kf7 54.Nd8+ Kg7 55.Ne6+  1/2-1/2

[Event "Benasque op"]
[Site "Benasque"]
[Date "1997.??.??"]
[Round "4"]
[White "Mayo Martinez, Manuel"]
[Black "Bojkovic, Natasa"]
[Result "0-1"]
[WhiteElo "2205"]
[BlackElo "2405"]

1.d4 Nf6 2.c4 e6 3.Nf3 b6 4.Nc3 Bb4 5.Bg5 h6 6.Bh4 Bb7 7.a3 Be7 8.Qc2 c5
9.e4 cxd4 10.Nxd4 d6 11.Rd1 Nbd7 12.Ndb5 Qb8 13.Bg3 e5 14.Nd5 Nxd5 15.cxd5 O-O
16.Be2 Rc8 17.Nc3 a6 18.O-O Bg5 19.f4 exf4 20.Bxf4 Bxf4 21.Rxf4 Ne5 22.Bg4 Rc4
23.Be2 Rc7 24.Rdf1 b5 25.Qd2 Qa7+ 26.Kh1 Qc5 27.Rc1 Rac8 28.Bg4 Re8 29.Be2 Qb6
30.Rff1 Bc8 31.Qf4 Ree7 32.Na2 Qd4 33.Rxc7 Rxc7 34.Rc1 Rxc1+ 35.Qxc1 Bd7
36.Nc3 Kh7 37.Qd1 Qe3 38.Bf3 Nd3 39.Qe2 Nf2+  0-1

[Event "Berliner Sommer"]
[Site "Berlin"]
[Date "1997.??.??"]
[Round "5"]
[White "Sharavdorj, Dashzeveg"]
[Black "Sturua, Zurab"]
[Result "0-1"]
[WhiteElo "2385"]
[BlackElo "2585"]

1.d4 Nf6 2.c4 e6 3.Nf3 b6 4.Nc3 Bb7 5.a3 g6 6.d5 Bg7 7.g3 O-O 8.Bg2 exd5
9.cxd5 c6 10.d6 c5 11.O-O Ne4 12.Nd5 Nxd6 13.Bg5 f6 14.Bf4 Ne8 15.b4 Na6
16.Qb3 Kh8 17.Rad1 d6 18.h4 Nac7 19.Nxc7 Qxc7 20.Rd2 Rd8 21.Rfd1 Qe7 22.bxc5 bxc5
23.Ne1 Rd7 24.Qc4 f5 25.Bxb7 Rxb7 26.Bxd6 Nxd6 27.Rxd6 f4 28.Re6 Qf7 29.g4 Re7
30.Rdd6 Rfe8 31.Nf3 Rxe6 32.Ng5 Qf6 33.Rxe6 Rxe6 34.Nxe6 f3 35.exf3 Qxf3
36.Ng5 Qd1+ 37.Kg2 h6 38.Nf7+ Kh7 39.Qe6 Qd4 40.Nd6 Qf4 41.Nc4 h5 42.f3 Qf6
43.Qxf6 Bxf6 44.Kg3 Kg7 45.f4 Kf7 46.f5 gxf5 47.gxh5 Bg7 48.Kf4 Kf6 49.Ke3 Ke6
50.Kd3 Kd5 51.a4 f4 52.Nd2 Bh6 53.Kc3 c4 54.Nxc4 f3 55.Nd2 f2 56.Nf1 Ke4
57.Kc4 Kf3 58.Kd3 Kg2 59.Ke2  0-1

[Event "Biel op MTO"]
[Site "Biel"]
[Date "1997.??.??"]
[Round "3"]
[White "Cvitan, Ognjen"]
[Black "Berzinsh, Roland"]
[Result "1/2-1/2"]
[WhiteElo "2570"]
[BlackElo "2440"]

1.d4 Nf6 2.Nf3 e6 3.c4 b6 4.Nc3 Bb7 5.a3 d5 6.cxd5 exd5 7.g3 Be7 8.Qa4+ c6
9.Ne5 O-O 10.Bg2 Nfd7 11.Nxd7 Nxd7 12.O-O Nf6 13.Rd1 Re8 14.Bg5 Ne4 15.Nxe4 Bxg5
16.Nxg5 Qxg5 17.e3 Re6 18.b4 h5 19.b5 cxb5 20.Qxb5 Bc6 21.Qb3 Rd8 22.h4 Qe7
23.e4 Qd7 24.Bh3  1/2-1/2

[Event "Biel op MTO"]
[Site "Biel"]
[Date "1997.??.??"]
[Round "3"]
[White "Huss, Andreas"]
[Black "McKenna, Jason"]
[Result "1-0"]
[WhiteElo "2325"]
[BlackElo "2120"]

1.d4 Nf6 2.Nf3 e6 3.c4 b6 4.Nc3 Bb4 5.Qc2 Bb7 6.a3 Bxc3+ 7.Qxc3 Ne4 8.Qc2 O-O
9.e3 d6 10.Bd3 f5 11.O-O Nd7 12.Nd2 Ndf6 13.f3 Nxd2 14.Bxd2 Qe8 15.b4 a5
16.bxa5 bxa5 17.a4 g5 18.Rfb1 Ra7 19.Rb5 Qa8 20.d5 c6 21.Rb6 Nd7 22.Rxb7 Qxb7
23.Rb1 Qc8 24.dxe6 Nc5 25.Bxf5 Qe8 26.e4 Rb7 27.Rxb7 Nxb7 28.Qc1 h6 29.h4 Nc5
30.Be3 Qe7 31.hxg5 Nxe6 32.gxh6 Kf7 33.Qc3 Qh4 34.Qxa5 Re8 35.h7 Ng7 36.Bf2 Qf4
37.Qc7+  1-0

[Event "Bled op18th"]
[Site "Bled"]
[Date "1997.??.??"]
[Round "3"]
[White "Kozul, Zdenko"]
[Black "Ilijin, Neboisa"]
[Result "1-0"]
[WhiteElo "2590"]
[BlackElo "2290"]

1.d4 Nf6 2.c4 e6 3.Nf3 b6 4.Nc3 Bb4 5.Qc2 Bb7 6.a3 Bxc3+ 7.Qxc3 d6 8.e3 Nbd7
9.b3 O-O 10.Bb2 Ne4 11.Qc2 f5 12.Bd3 a5 13.O-O Qe8 14.Nd2 Nxd2 15.Qxd2 Qh5
16.f3 Rf6 17.d5 Rh6 18.h3 Nc5 19.Bc2 Qf7 20.b4 Nd7 21.Rad1 Ba6 22.Qc3 Ne5
23.b5 Bc8 24.f4 Ng6 25.e4 Ne7 26.e5 exd5 27.cxd5 Bb7 28.e6 Qf8 29.Bb3 Rc8
30.Rf3 Rg6 31.Kh2 Qe8 32.a4 Kh8 33.Re3 Qf8 34.Qd3 Qe8 35.Rf1 Qf8 36.g4 fxg4
37.f5 Rh6 38.Rg3 Qf7 39.Qd4 Rf8 40.Rxg4 Rg6 41.Rxg6 Nxg6 42.f6 gxf6 43.Rxf6 Qxf6
44.Qxf6+ Rxf6 45.Bxf6+ Kg8 46.Kg3 Kf8 47.Kg4 Ke8 48.Kg5 Ne5 49.Bxe5 dxe5
50.Kf5 Ke7 51.Kxe5 h6 52.Kf5  1-0

[Event "Budapest FS05 IM"]
[Site "Budapest"]
[Date "1997.??.??"]
[Round "6"]
[White "Eperjesi, Laszlo"]
[Black "Lauber, Arnd"]
[Result "1/2-1/2"]
[WhiteElo "2340"]
[BlackElo "2360"]

1.d4 Nf6 2.Nf3 e6 3.c4 b6 4.Nc3 Bb4 5.Bd2 Bb7 6.e3 O-O 7.Be2 d5 8.O-O Bd6
9.Qc2 a6 10.Rfd1 Nbd7 11.Be1 Ne4 12.Nd2 f5 13.Nf1 Qe7 14.f3 Nxc3 15.bxc3 c5
16.a4 Kh8 17.a5 dxc4 18.axb6 Nxb6 19.Rdb1 Bc7 20.Bg3 cxd4 21.cxd4 f4 22.Bxf4 Rxf4
23.exf4 Qf6 24.Rd1 Qxf4 25.Bxc4 Nxc4 26.Qxc4 Bd5 27.Qc1 Qd6 28.Qa3 Qf4 29.Qc1 Qd6
30.Qa3 Qf4  1/2-1/2